000 00829cam a2200277 a 4500
008
020 _a00733350435 (hbk.)
049 _aMAIN
090 _aHC79.I55
_bDOR
100 1 _aDorf, Richard C.
245 1 0 _aTechnology ventures :
_bfrom idea to enterprise /
_cRichard C. Dorf, Thomas H. Byers.
250 _a2nd ed.
260 _aBoston :
_bMcGraw-Hill,
_cc2008.
300 _axx, 658 p. :
_bill. ;
_c24 cm.
500 _aIncludes index.
504 _aIncludes bibliographical references.
650 0 _aInformation technology.
650 0 _aEntrepreneurship.
650 0 _aNew business enterprises.
700 1 _aByers, Thomas H.
907 _a.b10288041
_b25-11-10
_c24-11-10
003
005 20230120133838.0
040 _cNUST
942 _cBOOKS
_kHC79.I55
_mDOR
999 _c96469
_d96469